NBA Teams Chris Paul Played For - Statistics

General Stats
  • This quiz has been taken 25 times
  • The average score is 9 of 9
Answer Stats
Year Team Name % Correct
2017-2019 Houston Rockets
100%
2011-2017 Los Angeles Clippers
100%
2025-2026 Los Angeles Clippers
100%
2005–2011 New Orleans Hornets
100%
2023-2024 Golden State Warriors
95%
2024-2025 San Antonio Spurs
95%
2019-2020 Oklahoma City Thunder
91%
2020-2023 Phoenix Suns
86%
2026 Toronto Raptors
82%
No matching quizzes found
Score Distribution
Percent of People with Each Score
Percentile by Number Answered
Your Score History
You have not taken this quiz